000 00328nam a22001457a 4500
008 210305b ||||| |||| 00| 0 eng d
020 _a0324202547
041 _aeng
080 _23rd
_a338
082 _a338
100 _a53
101 _aMEN
245 _aPurchasing & Supply Chain Management
_cMonczka, R
942 _2udc
_cBK
999 _c55801
_d55801